Sports Quiz

Random Sports or Soccer Quiz
Score 0/36 Timer 05:00
1 Play Today
Club Player % Correct
LiverpoolMichael Owen
91.6%
Newcastle UnitedMichael Owen
91.6%
ArsenalMesut Özil
70.8%
EvertonLeon Osman
67.4%
ChelseaOscar
60.4%
Manchester UnitedJohn O'Shea
55.8%
SunderlandJohn O'Shea
55.8%
Cardiff CityPeter Odemwingie
49%
Stoke CityPeter Odemwingie
49%
West Bromwich AlbionPeter Odemwingie
49%
MiddlesbroughGary O'Neil
47.2%
PortsmouthGary O'Neil
47.2%
Leicester CityShinji Okazaki
45.1%
Bolton WanderersJay-Jay Okocha
41.8%
Blackburn RoversMartin Olsson
37.2%
Manchester CityNicolás Otamendi
35.4%
Norwich CityMartin Olsson
35%
Bradford CityAndy O'Brien
29.9%
Club Player % Correct
SouthamptonEgil Østenstad
29.2%
Swansea CityMartin Olsson
25.6%
BlackpoolBrett Ormerod
23.6%
Tottenham HotspurJamie O'Hara
23.2%
Wolverhampton W'sJamie O'Hara
23.2%
West Ham UnitedAngelo Ogbonna
18.9%
WatfordStefano Okaka
17.7%
Oldham AthleticIan Olney
17.7%
Derby CountyMatthew Oakley
16.1%
ReadingJohn Oster
15.4%
Birmingham CityGarry O'Connor
15%
FulhamStefano Okaka
14.8%
Sheffield WednesdayScott Oakes
12.2%
Aston VillaJores Okore
7.5%
Crystal PalaceSimon Osborn
7%
Queens Park RangersSimon Osborn
7%
Hull CitySeyi Olofinjana
6.7%
Nottingham ForestÞorvaldur Örlygsson
2.6%
Remove Ads.
Support Sporcle.
Get the best of Sporcle when you Go Orange. This ad-free experience offers more features, more stats, and more fun while also helping to support Sporcle. Thank you for becoming a member.

You're not logged in!

Compare scores with friends on all Sporcle quizzes.
OR
Log In

Show Comments

Extras

Top Quizzes Today


Score Distribution

Your Account Isn't Verified!

In order to create a playlist on Sporcle, you need to verify the email address you used during registration. Go to your Sporcle Settings to finish the process.

Report this User

Report this user for behavior that violates our Community Guidelines.

Details: